[Event "GCT Paris Rapid 2021"]
[Site "Paris"]
[Date "2021.06.20"]
[Round "9.3"]
[White "Nepomniachtchi, Ian"]
[Black "Radjabov, Teimour"]
[Result "1-0"]
[WhiteElo "2792"]
[BlackElo "2765"]
[Annotator "RC"]
[PlyCount "181"]
[EventDate "2021.06.18"]
[EventType "tourn"]
[EventCountry "FRA"]
[SourceTitle "playchess.com"]
[Source "ChessBase"]
[SourceQuality "1"]
[TimeControl "1500+10"]

1. e4 {[%emt 0:00:03]} e5 {[%emt 0:00:00]} 2. Nf3 {[%emt 0:00:01]} Nc6 {
[%emt 0:00:01]} 3. Bb5 {[%emt 0:00:02]} Nf6 {[%emt 0:00:01]} 4. O-O {[%emt 0:
00:02]} Nxe4 {[%emt 0:00:02]} 5. d4 {[%emt 0:00:01]} Nd6 {[%emt 0:00:01]} 6.
Ba4 {[%emt 0:00:02]} exd4 {[%emt 0:00:28]} 7. c3 {[%emt 0:00:02]} Be7 {[%emt 0:
01:12]} 8. cxd4 {[%emt 0:00:06]} b5 {[%emt 0:00:01]} 9. Bb3 {[%emt 0:00:05]}
O-O {[%emt 0:00:30]} 10. Nc3 {[%emt 0:00:02]} Bb7 {[%emt 0:00:34]} 11. Re1 {
[%emt 0:00:08]} Bf6 {[%emt 0:01:32]} 12. Bf4 {[%emt 0:00:06]} Na5 {[%emt 0:00:
56]} 13. Bc2 {[%emt 0:01:34]} b4 {[%emt 0:01:00]} 14. Na4 {[%emt 0:00:18]} g6 {
[%emt 0:03:41]} 15. Ne5 {[%emt 0:00:09]} Nb5 {[%emt 0:04:33]} 16. Nc5 {[%emt 0:
00:32]} d6 {[%emt 0:00:49]} 17. Nxb7 {[%emt 0:01:11]} Nxb7 {[%emt 0:00:01]} 18.
Nc6 {[%emt 0:01:46]} Qd7 {[%emt 0:00:02]} 19. Nxb4 {[%emt 0:01:43]} Nxd4 {
[%emt 0:02:33]} 20. Nd5 {[%emt 0:00:16]} Bg7 {[%emt 0:00:02]} 21. Re7 {[%emt 0:
00:27]} Qd8 {[%emt 0:00:21]} 22. Bg5 {[%emt 0:03:12]} Kh8 {[%emt 0:05:12]} 23.
Bxg6 {[%emt 0:05:46]} fxg6 {[%emt 0:00:04]} 24. h4 {[%emt 0:00:13]} Qxe7 {
[%emt 0:04:35]} 25. Nxe7 {[%emt 0:02:15]} Rae8 {[%emt 0:00:01]} 26. Be3 {
[%emt 0:02:56]} c5 {[%emt 0:00:01]} 27. Nd5 {[%emt 0:00:14]} Re5 {[%emt 0:00:
31]} 28. Nc3 {[%emt 0:00:55]} Nd8 {[%emt 0:00:08]} 29. Qd2 {[%emt 0:00:52]}
N8e6 {[%emt 0:00:26]} 30. Bh6 {[%emt 0:00:42]} Bxh6 {[%emt 0:00:25]} 31. Qxh6 {
[%emt 0:00:01]} Rf4 {[%emt 0:00:02]} 32. g3 {[%emt 0:00:07]} Rf7 {[%emt 0:00:
32]} 33. Qc1 {[%emt 0:00:37]} Ref5 {[%emt 0:00:11]} 34. f4 {[%emt 0:00:44]} h6
{[%emt 0:00:06]} 35. Qd1 {[%emt 0:00:24]} g5 {[%emt 0:00:07]} 36. hxg5 {
[%emt 0:00:31]} hxg5 {[%emt 0:00:01]} 37. Ne4 {[%emt 0:00:01]} Rh7 {[%emt 0:00:
16]} 38. Nxd6 {[%emt 0:00:47]} Rf6 {[%emt 0:00:00]} 39. f5 {[%emt 0:00:26]}
Rfh6 {[%emt 0:00:10]} 40. Kf2 {[%emt 0:00:51]} Rh2+ {[%emt 0:00:18]} 41. Ke3 {
[%emt 0:00:01]} Nc2+ {[%emt 0:00:18]} 42. Ke4 {[%emt 0:00:04]} Ned4 {[%emt 0:
00:08]} 43. f6 {[%emt 0:00:31]} Re2+ {[%emt 0:00:15]} 44. Kd3 {[%emt 0:00:19]}
Nxa1 {[%emt 0:00:11]} 45. Qxa1 {[%emt 0:00:29]} Re6 {[%emt 0:00:09]} 46. Ne4 {
[%emt 0:00:26]} Nf5 {[%emt 0:00:10]} 47. Qc1 {[%emt 0:00:27]} Rd7+ {[%emt 0:00:
04]} 48. Kc3 {[%emt 0:00:00]} Nd6 {[%emt 0:00:15]} 49. Qh1+ {[%emt 0:00:22]}
Kg8 {[%emt 0:00:04]} 50. Nxg5 {[%emt 0:00:07]} Rxf6 {[%emt 0:00:05]} 51. Qd5+ {
[%emt 0:00:03]} Kf8 {[%emt 0:00:13]} 52. Qe5 {[%emt 0:00:15]} Ne8 {[%emt 0:00:
21]} 53. Ne6+ {[%emt 0:00:11]} Kf7 {[%emt 0:00:01]} 54. Nxc5 {[%emt 0:00:04]}
Re7 {[%emt 0:00:04]} 55. Qd5+ {[%emt 0:00:04]} Kg7 {[%emt 0:00:07]} 56. Qg5+ {
[%emt 0:00:08]} Kf7 {[%emt 0:00:04]} 57. Qd5+ {[%emt 0:00:11]} Kg7 {[%emt 0:00:
01]} 58. b3 {[%emt 0:00:07]} Nd6 {[%emt 0:00:09]} 59. Kb4 {[%emt 0:00:04]} Nf7
{[%emt 0:00:14]} 60. Ka3 {[%emt 0:00:11]} Rd6 {[%emt 0:00:15]} 61. Qc4 {
[%emt 0:00:09]} Rg6 {[%emt 0:00:09]} 62. Qd4+ {[%emt 0:00:04]} Kg8 {[%emt 0:00:
16]} 63. Ne4 {[%emt 0:00:11]} Ree6 {[%emt 0:00:02]} 64. g4 {[%emt 0:00:08]} Kh7
{[%emt 0:00:36]} 65. Kb2 {[%emt 0:00:29]} Rb6 {[%emt 0:00:11]} 66. Qd7 {
[%emt 0:00:08]} Kg7 {[%emt 0:00:09]} 67. Qxa7 {[%emt 0:00:04]} Rge6 {[%emt 0:
00:08]} 68. Ng5 {[%emt 0:00:36]} Re2+ {[%emt 0:00:01]} 69. Ka3 {[%emt 0:00:02]}
Rf6 {[%emt 0:00:05]} 70. Nxf7 {[%emt 0:00:02]} Rxf7 {[%emt 0:00:01]} 71. Qd4+ {
[%emt 0:00:01]} Kg8 {[%emt 0:00:10]} 72. Qc4 {[%emt 0:00:22]} Re5 {[%emt 0:00:
10]} 73. b4 {[%emt 0:00:09]} Kg7 {[%emt 0:00:17]} 74. Qd4 {[%emt 0:00:02]} Rfe7
{[%emt 0:00:01]} 75. Kb3 {[%emt 0:00:12]} Kg6 {[%emt 0:00:01]} 76. a3 {[%emt 0:
00:12]} Kg5 {[%emt 0:00:03]} 77. Ka4 {[%emt 0:00:15]} Re4 {[%emt 0:00:06]} 78.
Qb6 {[%emt 0:00:08]} R4e6 {[%emt 0:00:14]} 79. Qf2 {[%emt 0:00:10]} Kxg4 {
[%emt 0:00:08]} 80. b5 {[%emt 0:00:07]} Re3 {[%emt 0:00:06]} 81. Qg1+ {[%emt 0:
00:22]} Kf4 {[%emt 0:00:19]} 82. Qh2+ {[%emt 0:00:07]} Kf5 {[%emt 0:00:08]} 83.
Qh5+ {[%emt 0:00:06]} Kf4 {[%emt 0:00:02]} 84. Qc5 {[%emt 0:00:04]} R7e5 {
[%emt 0:00:18]} 85. Qf8+ {[%emt 0:00:05]} Ke4 {[%emt 0:00:45]} 86. Ka5 {
[%emt 0:00:02]} Rf3 {[%emt 0:00:06]} 87. Qb4+ {[%emt 0:00:03]} Kf5 {[%emt 0:00:
12]} 88. a4 {[%emt 0:00:04]} Rfe3 {[%emt 0:00:14]} 89. Ka6 {[%emt 0:00:08]} Re8
{[%emt 0:00:03]} 90. b6 {[%emt 0:00:07]} R3e4 {[%emt 0:00:07]} 91. Qb5+ {
[%emt 0:00:08]} 1-0

[Event "GCT Paris Rapid 2021"]
[Site "Paris"]
[Date "2021.06.20"]
[Round "9.4"]
[White "Aronian, Levon"]
[Black "Svidler, Peter"]
[Result "0-1"]
[WhiteElo "2781"]
[BlackElo "2714"]
[Annotator "TA"]
[PlyCount "84"]
[EventDate "2021.06.18"]
[EventType "tourn"]
[EventCountry "FRA"]
[SourceTitle "playchess.com"]
[Source "ChessBase"]
[SourceQuality "1"]

{[%evp 18,84,12,24,27,0,0,0,3,-3,10,-153,-129,-156,-159,-379,-360,-370,-367,
-377,-377,-381,-379,-374,-373,-381,-381,-375,-352,-405,-400,-410,-402,-490,
-478,-482,-473,-496,-497,-523,-518,-507,-504,-555,-557,-548,-541,-589,-583,
-607,-600,-720,-553,-574,-562,-695,-667,-1008,-1004,-983,-958,-910,-913,-963,
-848,-1242,-1444,-2522,-2403]} 1. d4 Nf6 2. c4 g6 3. Nf3 Bg7 4. g3 O-O 5. Bg2
c6 6. Nc3 d5 7. Qb3 dxc4 8. Qxc4 Bf5 9. O-O Nbd7 10. Re1 Ne4 {D78: Fianchetto
Grünfeld: 6 0-0 c6.} 11. Nh4 Be6 12. Qd3 Nxc3 {The position is equal.} 13. bxc3
Qa5 {[#]} 14. a4 $146 {[#]} (14. Nf3 $11) ({Predecessor:} 14. Nf3 Rfd8 15. Bd2
Qa4 16. Qb1 Nb6 17. Ng5 Bc4 18. Ne4 Qa3 19. Nc5 Rab8 20. Qc2 {1/2-1/2 (35)
Adhiban,B (2659)-Gukesh,D (2563) Dhaka 2021}) 14... Nc5 $1 $17 {[%cal Rc5d3]
[%mdl 512]} 15. Qd1 (15. Qc2 Bxd4) 15... Qxc3 16. Ba3 $2 (16. Rb1 $17 Qxd4 17.
Qxd4 Bxd4 18. Ba3) 16... Bxd4 $19 17. Rb1 {[#] White wants to play Bb2.} Bxf2+
$1 {[%mdl 512]} 18. Kxf2 Qxa3 19. Qc1 Qxc1 20. Rexc1 Nb3 21. Rc3 Na5 22. Nf3
Rfd8 23. Ne5 Rac8 24. Rc5 b6 25. Rxa5 bxa5 {Black is clearly winning.} 26. Nxc6
Rd7 27. Rb5 Rdc7 28. Nd4 Rc5 29. Rb7 R8c7 30. Rb8+ Kg7 31. Nxe6+ fxe6 {[%mdl
4096] Endgame KRR-KRB} 32. Bh3 Rc4 33. Bxe6 Rxa4 34. Rb5 Kf6 35. Bh3 Rc6 36.
Bg2 Ra6 37. Rb8 Rb4 38. Rf8+ Kg7 39. Re8 a4 {[%cal Ba5a4,Ba4a3][%mdl 32]} 40.
Bd5 a3 41. Ba2 Rb2 42. Rxe7+ Kf8 {White got outplayed after the opening. 
Weighted Error Value: White=0.43/Black=0.08} 0-1

[Event "GCT Paris Rapid 2021"]
[Site "Paris"]
[Date "2021.06.20"]
[Round "9.5"]
[White "Vachier-Lagrave, Maxime"]
[Black "Firouzja, Alireza"]
[Result "1-0"]
[WhiteElo "2760"]
[BlackElo "2759"]
[Annotator "TA"]
[PlyCount "153"]
[EventDate "2021.06.18"]
[EventType "tourn"]
[EventCountry "FRA"]
[SourceTitle "playchess.com"]
[Source "ChessBase"]
[SourceQuality "1"]

{[%evp 11,153,27,25,0,0,0,0,0,10,-45,-35,-48,-28,-33,-39,-42,-9,-55,54,54,58,
58,58,57,70,69,67,0,0,0,0,0,0,-87,-87,-150,-128,-255,20,11,13,11,25,26,22,20,
25,33,38,38,40,41,39,18,24,-8,6,0,0,0,11,0,0,0,7,6,8,8,6,6,6,6,24,8,14,0,0,0,0,
0,23,0,0,0,19,8,16,16,29,18,20,11,11,11,11,11,12,12,12,12,25,0,0,0,0,0,0,0,0,0,
0,0,0,0,0,0,0,0,0,0,0,0,0,0,0,0,63,58,12815,12809,5127,5119,5112,5112,29984,
29962,29961,131,29962,29963,29961,29956,4631,4627]} 1. e4 e5 2. Nf3 Nc6 3. Bb5
a6 4. Ba4 b5 5. Bb3 Na5 6. d4 exd4 7. Nxd4 {C70: Ruy Lopez: 3...a6 4 Ba4,
Norwegian and Delayed Schliemann.} Bb7 8. O-O c5 9. Nf5 {The position is equal.
} c4 {[#]} 10. Bf4 $146 ({Predecessor:} 10. Nc3 cxb3 11. axb3 Nc6 12. Nd5 g6
13. Re1 d6 14. Be3 Rc8 15. Bb6 Qd7 16. Bd4 Nxd4 17. Qxd4 {0-1 (42) Safarli,E 
(2598)-Nesterov,A (2482) Chess.com INT 2021}) 10... cxb3 11. axb3 Nc6 12. Nc3 {
[%cal Bb1c3,Bc3d5,Bd5f6][%mdl 32]} g6 13. Nd6+ Bxd6 14. Bxd6 Nge7 ({Black
should try} 14... f6 $15) 15. Nd5 $14 {[%mdl 1024] White has compensation.} O-O
16. Bc7 $1 Qc8 17. Nf6+ {[%mdl 64] Discovered Attack} Kg7 18. Qd6 Ra7 19. Rad1
(19. Nxd7 Ba8 $11) (19. Rfd1 $14) 19... Ng8 $11 20. Nxd7 Re8 21. Bb6 Ra8 22.
Qd3 {[#]} (22. Bd4+ $11 Nxd4 23. Qxd4+ f6 24. Nb6 {[%mdl 64] Double Attack}
Rxe4 25. Qd7+ Qxd7 26. Rxd7+ Re7 27. Rxb7 $1) 22... f6 $1 $17 23. f4 (23. f3
$142) 23... Nb4 {[%mdl 64] Double Attack} 24. Qd2 (24. Qd6 $17 {only move.})
24... Qxc2 $2 ({Not} 24... Nxc2 25. e5 $11) (24... Rxe4 $19 25. Nc5 Re7 26.
Nxb7 (26. Qxb4 $2 Bxg2 27. Kxg2 Qg4+ 28. Kh1 Re2 $19) 26... Rxb7) 25. Qxb4 $11
{aiming for Nc5.} Rxe4 {( -> ...Re2)} 26. Qc3 $36 {[%mdl 2048] White is more
active.} Re2 27. Qxc2 Rxc2 28. Rf2 Rxf2 29. Kxf2 Kf7 30. Nc5 Bc6 31. Rd6 Ne7
32. Ne6 {Hoping for Nd8+.} Rc8 33. g4 Bd5 34. Nc7 Bxb3 35. Ba5 h5 36. g5 fxg5
37. fxg5 Bc2 38. Rxa6 b4 39. Rf6+ Kg8 40. Re6 Kf7 41. Rd6 b3 (41... Kg8 {
is more complex.} 42. Ne6 Nc6 43. Bd8 Bf5 44. Bf6 Kf7) 42. Bb6 Bf5 43. h4 Bc2
44. Ke1 Bf5 45. Kd2 Rb8 46. Bc5 {Threatens to win with Rf6+.} Rc8 47. Bb6 Rb8
48. Kc3 Rb7 49. Kc4 ({Reject} 49. Kxb3 Nc8 $17) 49... Bc2 50. Rf6+ Kg8 51. Ne6
{And now Rf8+ would win.} Rxb6 52. Rf8+ Kh7 53. Rf7+ {[%mdl 64] Double Attack}
Kg8 54. Rg7+ Kh8 55. Rxe7 {[%mdl 4096] Endgame KRB-KRN} Ra6 56. Kd5 Ra1 57. Rf7
Bf5 58. Nd4 Bc2 59. Ke5 Ra5+ 60. Kf6 Ra6+ 61. Ne6 Bf5 {[%csl Gf5][%cal Ra6e6]}
62. Re7 Kg8 63. Re8+ (63. Rg7+ {looks sharper.} Kh8 64. Re7) 63... Kh7 64. Kf7
{White threatens Nf8+ and mate.} Bxe6+ 65. Rxe6 {KR-KR} Ra4 66. Re7 {Black
must now prevent Kf6+.} (66. Rxg6 {leads to mate.} Ra7+ 67. Kf6 Ra6+ 68. Kf5
Rxg6 69. Ke4 Rc6 70. Ke3 Kg6 71. Kd4 Rc2 72. Kd5 Rxb2 73. Kc4 Rh2 74. Kxb3 Rxh4
75. Kc2 Rg4 76. Kd3 h4 77. Kd2 h3 78. Ke2 Kxg5 79. Kf3 h2 80. Kf2 h1=Q 81. Ke2
Qh3 82. Ke1 Rg2 83. Kf1 Qh1#) 66... Rf4+ 67. Ke6+ Kg8 68. Rb7 Rxh4 (68... Rf3
$1 $11) 69. Kf6 $14 Rd4 $2 {[%mdl 8192]} (69... Rf4+ $14 70. Kxg6 h4) 70. Kxg6
$18 Rd6+ 71. Kxh5 Rd3 72. Kh6 Rh3+ 73. Kg6 {[%cal Rb7b8]} Kf8 74. Rb8+ Ke7 {[#]
} 75. Kg7 $1 Rg3 76. g6 Ke6 77. Rb6+ {What a bad dream for Black.  Weighted
Error Value: White=0.15/Black=0.17} 1-0